| 000 | 00000nam 2200000zi 4500 |
| 001 | 9.954320 |
| 003 | CaOODSP |
| 005 | 20250820123329 |
| 006 | m o d f |
| 007 | cr mn||||||||| |
| 008 | 250820e20250819onc ob f000 0 fre d |
| 040 | |aCaOODSP|bfre|erda|cCaOODSP |
| 043 | |an-cn--- |
| 086 | 1 |aH113-24/2025-16F-PDF |
| 245 | 00|aInpyrfluxame. |
| 264 | 1|aOttawa (Ontario) : |bAgence de réglementation de la lutte antiparasitaire, Santé Canada, |c19 août 2025. |
| 264 | 4|c©2025 |
| 300 | |a1 ressource en ligne (6 pages). |
| 336 | |atexte|btxt|2rdacontent/fre |
| 337 | |ainformatique|bc|2rdamedia/fre |
| 338 | |aressource en ligne|bcr|2rdacarrier/fre |
| 490 | 1 |aLimite maximale de résidus proposée, |x1925-086X ; |vPMRL2025-16 |
| 500 | |aTitre de la couverture. |
| 500 | |aPublié aussi en anglais sous le titre : Inpyrfluxam. |
| 504 | |aComprend des références bibliographiques (page 6). |
| 520 | |a« Des limites maximales de résidus (LMR) sont proposées pour le pesticide inpyrfluxame dans le cadre de la demande portant le numéro 2023-6459, présentée par Valent Canada Inc., en vue de l'utilisation au Canada décrite ci-dessous. En vertu de la Loi sur les produits antiparasitaires, l'Agence de réglementation de la lutte antiparasitaire (ARLA) de Santé Canada propose d'accepter la demande d'ajout de diverses denrées à l'étiquette du fongicide S-2399 SC Master contenant de l'inpyrfluxame de qualité technique pour la suppression ou la répression de certaines maladies fongiques comme traitement foliaire ou dans la raie de semis. L'étiquette de ce produit antiparasitaire, homologué sous le numéro 34520, décrit les utilisations approuvées au Canada » -- But de la consultation, page 1. |
| 650 | 6|aFongicides|xCertification|zCanada. |
| 650 | 6|aInsecticides|xCertification|zCanada. |
| 650 | 6|aPesticides|xRésidus dans les aliments|xNormes|zCanada. |
| 710 | 1 |aCanada. |bAgence de réglementation de la lutte antiparasitaire, |eorganisme de publication. |
| 775 | 08|tInpyrfluxam.|w(CaOODSP)9.954318 |
| 830 | #0|aLimites maximales de résidus proposées,|x1925-086X ; |vPMRL2025-16.|w(CaOODSP)9.501545 |
| 856 | 40|qPDF|s314 Ko|uhttps://publications.gc.ca/collections/collection_2025/sc-hc/h113-24/H113-24-2025-16-fra.pdf |
| 856 | 4 |qHTML|sS.O.|uhttps://www.canada.ca/fr/sante-canada/services/securite-produits-consommation/pesticides-lutte-antiparasitaire/public/consultations/limites-maximales-residus-proposees/2025/inpyrfluxame/document.html |